000 00347nam a2200133Ia 4500
008 240624s9999 xx 000 0 und d
041 _aeng
082 _a658.5 AKA
100 _aAKAO YOJI
245 _aQUALITY FUNCTION DEPLOYMENT INTEGRATING
260 _c2004
_aNew York
_bProductivity Press
300 _a369 : p. : cm. ; 28
365 _cBPS
_b30
999 _c11693
_d11693